000 01235cam a2200373 a 4500
001 1754
003 FISKH
005 20230928103004.0
008 101126s2011 nyua j b 001 0 eng
010 _a 2010049081
020 _a9780531207703 (lib. bdg.)
020 _a0531207706 (lib. bdg.)
020 _a9780531293126 (pbk.)
020 _a0531293122 (pbk.)
040 _aDLC
_cDLC
_dDLC
_beng
042 _apcc
043 _anp-----
050 0 0 _aE99.C85
_bC86 2011
082 0 0 _a978.004/974572
_222
100 1 _aCunningham, Kevin,
_d1966-
245 1 4 _aThe Comanche /
_cKevin Cunningham and Peter Benoit.
260 _aNew York :
_bScholastic,
_c2011.
300 _a48 pages :
_billustrations ;
_c22 cm.
490 0 _aA true book
505 _aW
520 _aAn exploration of the Comanche Indians, discussing their use of horses, work of women, housing, vision quests, and more.
521 8 _a870
_bLexile
521 8 _aW
_bRaz-Plus
650 0 _aComanche Indians
_vJuvenile literature.
700 1 _aBenoit, Peter,
_d1955-
906 _a7
_bcbc
_corignew
_d1
_eecip
_f20
_gy-gencatlg
942 _2ddc
_cBK
_n0
999 _c1754
_d1754